书目信息 |
| 题名: |
音频电路集锦
|
|
| 作者: | 梁久春 , 靳顺则 , 靳强铭 编 | |
| 分册: | ||
| 出版信息: | 沈阳 辽宁科学技术出版社 1985 |
|
| 页数: | 151页 | |
| 开本: | 19cm | |
| 丛书名: | 无线电小丛书 | |
| 单 册: | ||
| 中图分类: | TN912.27 , TN72 | |
| 科图分类: | ||
| 主题词: | 音频放大器-电子电路 , 电子电路-音频放大器 , 音频设备-电子电路 , 电子电路-音频设备 | |
| 电子资源: | ||
| ISBN: | ||
| 000 | 00913nam2 2200337 45 | |
| 001 | 0185020605 | |
| 005 | 20040517165258.7 | |
| 010 | @dCNY0.77 | |
| 091 | @a15288.121 | |
| 100 | @a19900921d1985 em y0chiy0121 ea | |
| 101 | 0 | @achi |
| 102 | @aCN@b210000 | |
| 105 | @ay z 000yy | |
| 106 | @ar | |
| 200 | 10 | @a音频电路集锦@Ayin pin dian lu ji jin@f梁久春等编 |
| 210 | @a沈阳@c辽宁科学技术出版社@d1985 | |
| 215 | @a151页@d19cm | |
| 225 | 2 | @a无线电小丛书 |
| 410 | 0 | @120010@a无线电小丛书 |
| 606 | @a音频放大器-电子电路 | |
| 606 | @a电子电路-音频放大器 | |
| 606 | @a音频设备-电子电路 | |
| 606 | @a电子电路-音频设备 | |
| 690 | @aTN912.27@v3 | |
| 690 | @aTN72 | |
| 701 | 0 | @a梁久春@Aliang jiu chun@4编 |
| 701 | 0 | @a靳顺则@Ajin shun ze@4编 |
| 701 | 0 | @a靳强铭@Ajin qiang ming@4编 |
| 801 | 0 | @aCN@b深圳图书馆@c20040517 |
| 801 | 2 | @aCN@bNLC@c20040517 |
| 905 | @f2@b139704-705@dTN72@e78 | |
| 音频电路集锦/梁久春等编.-沈阳:辽宁科学技术出版社,1985 |
| 151页;19cm.-(无线电小丛书) |
| ISBN :CNY0.77 |
| ● |
| 相关链接 |
|
|
|
|
正题名:音频电路集锦
索取号:TN72/78
 
预约/预借
| 序号 | 登录号 | 条形码 | 馆藏地/架位号 | 状态 | 备注 |
| 1 | 0139704 | 001357249 | 第三借阅区/ [索取号:TN72/78] | 在馆 | |
| 2 | 0139705 | 001357285 | 密集书库/ [索取号:TN72/78] | 在馆 | |
| 3 | 0139706 | 202102857 | 第二样本阅览室/ [索取号:TN72/78] | 在馆 |